000 00703cam a2200229 a 4500
001 000019343
005 20200929170005.0
008 751204s1968 sp 001 f spa d
040 _aDO-SdBNP
_bspa
_cBNPHU
_dOCoLC
_dDLC
082 _a863.3
_bV648e, 1968
245 0 3 _aLa vida de Estebanillo González /
_canónimo.
260 _aMadrid :
_bEspasa-Calpe,
_c1968.
300 _a254 p. ;
_c18 cm.
490 1 _aAustral. Gris: clásicos
_v396
500 _aIncluye notas al pie de las páginas.
650 4 _aNovela española
_91123
650 4 _aLiteratura española
_9632
650 4 _aLiteratura picaresca
_91124
830 0 _aAustral.
_pGris: clásicos;
_v396
_98199
910 _aWM
049 _aBNGR
999 _c18860
_d18860